Kvalita výchovy a vzdelávania na Ekonomickej univerzite v Bratislave
Zabezpečovanie kvality pedagogického procesu a napĺňanie požiadaviek kladených na ekonomické vzdelanie vo výchovno-vzdelávacej oblasti. Uplatňovanie kreditového systému štúdia. Prehľad akreditovaných študijných programov EU v Bratislave - číselník UIP MŠ.
Enregistré dans:
| Auteur principal: | |
|---|---|
| Format: | Chapitre de livre |
| Langue: | slovaque |
| Sujets: | |
| Tags: |
Pas de tags, Soyez le premier à ajouter un tag!
|
MARC
| LEADER | 00000naa$a2200000$$$4500 | ||
|---|---|---|---|
| 001 | 0039781 | ||
| 005 | 20240502071504.8 | ||
| 041 | 0 | |a slo | |
| 044 | |a SK | ||
| 245 | 1 | 0 | |a Kvalita výchovy a vzdelávania na Ekonomickej univerzite v Bratislave |c Kajetana Hontyová |
| 520 | |a Zabezpečovanie kvality pedagogického procesu a napĺňanie požiadaviek kladených na ekonomické vzdelanie vo výchovno-vzdelávacej oblasti. Uplatňovanie kreditového systému štúdia. Prehľad akreditovaných študijných programov EU v Bratislave - číselník UIP MŠ. | ||
| 610 | 2 | 0 | |a vzdelávanie |
| 610 | 2 | 0 | |a vzdelanie ekonomické |
| 610 | 2 | 0 | |a kvalita |
| 610 | 2 | 0 | |a štúdium kreditné |
| 610 | 2 | 0 | |a programy študijné |
| 610 | 2 | 0 | |a Ekonomická univerzita v Bratislave |
| 610 | 2 | 0 | |a číselníky |
| 100 | 1 | |a Hontyová, Kajetána | |